<?xml version="1.0" encoding="UTF-8"?>
<collection xmlns="http://www.loc.gov/MARC21/slim">
 <record>
  <leader>02911nam a2200337 a 4500</leader>
  <controlfield tag="001">1/44619</controlfield>
  <controlfield tag="008">140623s2005    us            001 0 eng  </controlfield>
  <datafield tag="020" ind1=" " ind2=" ">
   <subfield code="a">9780750666633</subfield>
  </datafield>
  <datafield tag="020" ind1=" " ind2=" ">
   <subfield code="a">0750666633</subfield>
  </datafield>
  <datafield tag="020" ind1=" " ind2=" ">
   <subfield code="a">0080458505 (electronic bk.)</subfield>
  </datafield>
  <datafield tag="020" ind1=" " ind2=" ">
   <subfield code="a">9780080458502 (electronic bk.)</subfield>
  </datafield>
  <datafield tag="035" ind1=" " ind2=" ">
   <subfield code="l">47573</subfield>
  </datafield>
  <datafield tag="040" ind1=" " ind2=" ">
   <subfield code="a">OPELS</subfield>
   <subfield code="b">eng</subfield>
   <subfield code="c">OPELS</subfield>
   <subfield code="d">OCLCQ</subfield>
   <subfield code="d">N$T</subfield>
   <subfield code="d">YDXCP</subfield>
   <subfield code="d">MERUC</subfield>
   <subfield code="d">IDEBK</subfield>
   <subfield code="d">OCLCQ</subfield>
   <subfield code="d">OCLCF</subfield>
   <subfield code="d">GR-PeUP</subfield>
  </datafield>
  <datafield tag="100" ind1="1" ind2=" ">
   <subfield code="a">Hoyle, David.</subfield>
  </datafield>
  <datafield tag="245" ind1="1" ind2="0">
   <subfield code="a">Automotive quality systems handbook</subfield>
   <subfield code="h">[electronic resource] :</subfield>
   <subfield code="b">ISO/TS 16949:2002 edition /</subfield>
   <subfield code="c">David Hoyle.</subfield>
  </datafield>
  <datafield tag="250" ind1=" " ind2=" ">
   <subfield code="a">2nd ed.</subfield>
  </datafield>
  <datafield tag="260" ind1=" " ind2=" ">
   <subfield code="a">Oxford :</subfield>
   <subfield code="b">Elsevier Butterworth-Heinemann,</subfield>
   <subfield code="c">2005.</subfield>
  </datafield>
  <datafield tag="300" ind1=" " ind2=" ">
   <subfield code="a">1 online resource (xii, 709 p.) :</subfield>
   <subfield code="b">ill.</subfield>
  </datafield>
  <datafield tag="520" ind1=" " ind2=" ">
   <subfield code="a">ISO/TS 16949:2002 (TS2) will have a huge impact on the whole of the automobile industry as it formalises, under a single world-wide standard, the quality system that must be met by vehicle manufacturers and their suppliers. This handbook is the only comprehensive guide to understanding and satisfying the requirements of ISO/TS 16949:2002. Written by best-selling quality author David Hoyle (ISO 9000 Quality Systems Handbook) this new book is ideal for those new to the standard or establishing a single management system for the first time, as well as those migrating from existing quality management systems. It will suit quality system managers and quality professionals across the automotive industry, managers and executive level readers, consultants, auditors, trainers and students of management and quality. *The only complete ISO/TS 16949:2002 (TS2) reference: essential for understanding both TS2 and ISO 9001:2000 *TS2 becomes mandatory for all auto manufacturers and their many thousands of suppliers in 2006 * Includes details of the certification scheme, the differences with previous standards, check lists, questionnaires, tips for implementers, flow charts and a glossary of terms *David Hoyle is one of the world's leading quality management authors.</subfield>
  </datafield>
  <datafield tag="505" ind1="0" ind2=" ">
   <subfield code="a">Basic concepts; Perceptions of ISO 9000 and its derivatives; Role, origins and application of ISO/TS 16949; Quality management system; Management responsibility; Resource management; Product realization; Measurement, analysis and improvement; Glossary; Related web sites; Index.</subfield>
  </datafield>
  <datafield tag="500" ind1=" " ind2=" ">
   <subfield code="a">Previous ed.: 2000.</subfield>
  </datafield>
  <datafield tag="504" ind1=" " ind2=" ">
   <subfield code="a">Includes bibliographical references and index.</subfield>
  </datafield>
  <datafield tag="650" ind1=" " ind2="4">
   <subfield code="a">ISO 9001 Standard.</subfield>
  </datafield>
  <datafield tag="650" ind1=" " ind2="4">
   <subfield code="a">Automobile industry and trade</subfield>
   <subfield code="x">Quality control</subfield>
   <subfield code="x">Standards.</subfield>
  </datafield>
  <datafield tag="655" ind1=" " ind2="4">
   <subfield code="a">Electronic books.</subfield>
  </datafield>
  <datafield tag="852" ind1=" " ind2=" ">
   <subfield code="a">INST</subfield>
   <subfield code="b">UNIPILB</subfield>
   <subfield code="c">EBOOKS</subfield>
   <subfield code="e">20140623</subfield>
   <subfield code="p">00b47573</subfield>
   <subfield code="q">00b47573</subfield>
   <subfield code="t">ONLINE</subfield>
   <subfield code="y">0</subfield>
  </datafield>
  <datafield tag="856" ind1="4" ind2="0">
   <subfield code="3">ScienceDirect</subfield>
   <subfield code="u">http://www.sciencedirect.com/science/book/9780750666633</subfield>
  </datafield>
  <datafield tag="856" ind1="4" ind2=" ">
   <subfield code="d">/webopac/covers/03/47573_9780750666633.jpg</subfield>
  </datafield>
  <datafield tag="856" ind1="4" ind2=" ">
   <subfield code="d">/webopac/covers/03/47573_0750666633.jpg</subfield>
  </datafield>
  <datafield tag="856" ind1="4" ind2=" ">
   <subfield code="d">/webopac/covers/03/47573_0080458505.jpg</subfield>
   <subfield code="z">(electronic bk.)</subfield>
  </datafield>
  <datafield tag="856" ind1="4" ind2=" ">
   <subfield code="d">/webopac/covers/03/47573_9780080458502.jpg</subfield>
   <subfield code="z">(electronic bk.)</subfield>
  </datafield>
 </record>
</collection>
